• 首页
  • 本馆介绍
  • 公告通知
  • 最新文献
  • 馆藏检索
  • 电子资源
  • 读者导购
  • 参考咨询
  • 我的图书馆
  • 登录
  • 详细信息显示
  • 放入我的书架
  • 预约/预借图书
  • 作者相关作品
  • 分类相关作品
  • 丛书相关作品
  • 出版社相关作品

书目信息

  • 表格格式
  • 工作单格式
  • 卡片格式
题名:
大白菜病虫草害防治技术问答
    
 
作者: 张友军 编著
分册:  
出版信息: 北京   金盾出版社  2012
页数: 146页
开本: 21cm
丛书名: 农作物病虫草害综合防治技术丛书
单 册:
中图分类: S436.341-44 , S436.3
科图分类:
主题词: 大白菜--病虫害防治--问题解答 , 大白菜--除草--问题解答 , 大白菜 , 病虫害防治 , 除草
电子资源:
ISBN: 978-7-5082-6903-0
000 01097oam2 2200337 450
001 2338560489
005 20231224104308.91
010    @a978-7-5082-6903-0@dCNY 12.00
090    @aS634@bzyj
096    @aS634@bzyj
100    @a20120927d2012 em y0chiy0120 ea
101 0  @achi
102    @aCN@b110000
105    @aa z 000yy
200 1  @a大白菜病虫草害防治技术问答@b专著@f张友军[等]编著@Ada bai cai bing chong cao hai fang zhi ji shu wen da
210    @a北京@c金盾出版社@d2012
215    @a146页@c图@d21cm
225 2  @a农作物病虫草害综合防治技术丛书
304    @a编著者还有:刘勇、王少丽、吴青君、成飞雪、朱国仁
330    @a本书以问答形式讲述了大白菜生长过程中常见病害26种,害虫21种以及杂草3种的诊断识别特征、发生规律和防治方法。
410  0 @1001005217525
606 0  @a大白菜@x病虫害防治@j问题解答
606 0  @a大白菜@x除草@j问题解答
606 0  @a大白菜
606 0  @a病虫害防治
606 0  @a除草
690    @aS436.341-44@v5
690    @aS436.3@v4
701  0 @a张友军@f(1968~)@4编著@Azhang you jun
801  2 @aCN@b辽宁北配@c20231205
905    @aBZT@dS436.3@e411
    
    大白菜病虫草害防治技术问答/张友军[等]编著.-北京:金盾出版社,2012
    146页:图;21cm.-(农作物病虫草害综合防治技术丛书)
    
    
    ISBN 978-7-5082-6903-0:CNY 12.00
    本书以问答形式讲述了大白菜生长过程中常见病害26种,害虫21种以及杂草3种的诊断识别特征、发生规律和防治方法。
●
相关链接 在五车中查询图书 在当当中查询图书 在豆瓣中查询图书


正题名:大白菜病虫草害防治技术问答     索取号:S436.3/411         预约/预借

序号 登录号 条形码 馆藏地/架位号 状态 备注
1 2001692581   2001692581   辽三/辽宁北配(第三批)/3815/ [索取号:S436.3/411] 在馆    
2 2001692582   2001692582   辽三/辽宁北配(第三批)/3815/ [索取号:S436.3/411] 在馆    
3 2001692583   2001692583   辽三/辽宁北配(第三批)/3815/ [索取号:S436.3/411] 在馆    
4 2001692584   2001692584   辽三/辽宁北配(第三批)/3815/ [索取号:S436.3/411] 在馆    
5 2001692585   2001692585   辽三/辽宁北配(第三批)/3815/ [索取号:S436.3/411] 在馆    
6 2001692586   2001692586   辽三/辽宁北配(第三批)/3815/ [索取号:S436.3/411] 在馆    
7 2001692587   2001692587   辽三/辽宁北配(第三批)/3815/ [索取号:S436.3/411] 在馆    
8 2001692588   2001692588   辽三/辽宁北配(第三批)/3815/ [索取号:S436.3/411] 在馆    
9 2001692589   2001692589   辽三/辽宁北配(第三批)/3815/ [索取号:S436.3/411] 在馆    
10 2001692590   2001692590   辽三/辽宁北配(第三批)/3815/ [索取号:S436.3/411] 在馆    
11 2001692591   2001692591   辽三/辽宁北配(第三批)/3815/ [索取号:S436.3/411] 在馆    
12 2001692592   2001692592   辽三/辽宁北配(第三批)/3815/ [索取号:S436.3/411] 在馆    
13 2001692593   2001692593   辽三/辽宁北配(第三批)/3815/ [索取号:S436.3/411] 在馆    
14 2001692594   2001692594   辽三/辽宁北配(第三批)/3815/ [索取号:S436.3/411] 在馆    
15 2001692595   2001692595   辽三/辽宁北配(第三批)/3815/ [索取号:S436.3/411] 在馆    
16 2001692596   2001692596   辽三/辽宁北配(第三批)/3815/ [索取号:S436.3/411] 在馆    
17 2001692597   2001692597   辽三/辽宁北配(第三批)/3815/ [索取号:S436.3/411] 在馆    
18 2001692598   2001692598   辽三/辽宁北配(第三批)/3815/ [索取号:S436.3/411] 在馆    
19 2001692599   2001692599   辽三/辽宁北配(第三批)/3815/ [索取号:S436.3/411] 在馆    
20 2001692600   2001692600   辽三/辽宁北配(第三批)/3815/ [索取号:S436.3/411] 在馆    
21 2001692601   2001692601   辽三/辽宁北配(第三批)/3815/ [索取号:S436.3/411] 在馆    
22 2001692602   2001692602   辽三/辽宁北配(第三批)/3815/ [索取号:S436.3/411] 在馆    
23 2001692603   2001692603   辽三/辽宁北配(第三批)/3815/ [索取号:S436.3/411] 在馆    
24 2001692604   2001692604   辽三/辽宁北配(第三批)/3815/ [索取号:S436.3/411] 在馆    
25 2001692605   2001692605   辽三/辽宁北配(第三批)/3815/ [索取号:S436.3/411] 在馆    
26 2001692606   2001692606   辽三/辽宁北配(第三批)/3815/ [索取号:S436.3/411] 在馆    
27 2001692607   2001692607   辽三/辽宁北配(第三批)/3815/ [索取号:S436.3/411] 在馆    
28 2001692608   2001692608   辽三/辽宁北配(第三批)/3815/ [索取号:S436.3/411] 在馆    
29 2001692609   2001692609   辽三/辽宁北配(第三批)/3815/ [索取号:S436.3/411] 在馆    
30 2001692610   2001692610   辽三/辽宁北配(第三批)/3815/ [索取号:S436.3/411] 在馆    
山东省滨州职业学院图书馆 欢迎您!
大连网信软件有限公司© 版权所有